Vplyv nákladov na výsledok hospodárenia diplomová práca

Guardado en:
Detalles Bibliográficos
Autor principal: Vislocká, Veronika
Autor Corporativo: Podnikovohospodárska fakulta EU so sídlom v Košiciach. Katedra účtovníctva a financií
Otros Autores: Neufeld, Juraj, 1946-
Formato: Libro
Lenguaje:eslovaco
Publicado: Košice 2011
Etiquetas: Agregar Etiqueta
Sin Etiquetas, Sea el primero en etiquetar este registro!

MARC

LEADER 00000nbm a2200000 4500
001 0139219
005 20161109101914.7
041 0 |a slo 
044 |a SK 
245 1 0 |a Vplyv nákladov na výsledok hospodárenia  |b diplomová práca  |c Veronika Vislocká ; školiteľ: Juraj Neufeld 
264 1 |a Košice  |c 2011 
300 |a 80 s. 
100 1 |a Vislocká, Veronika 
700 1 |a Neufeld, Juraj, 1946- 
710 2 |a Podnikovohospodárska fakulta EU so sídlom v Košiciach. Katedra účtovníctva a financií